|
|
|
|
| LEADER |
00000nam0a2200000 4500 |
| 001 |
138970 |
| 005 |
20231031141610.0 |
| 010 |
|
|
|a 5283020878
|
| 020 |
|
|
|a RU
|b 92-26549
|
| 035 |
|
|
|a (RuTPU)RU\TPU\book\150555
|
| 090 |
|
|
|a 138970
|
| 100 |
|
|
|a 20080531d1992 m a0rusy5003 ca
|
| 101 |
0 |
|
|a rus
|
| 102 |
|
|
|a RU
|
| 105 |
|
|
|a a z 001zy
|
| 200 |
1 |
|
|a Совершенствование управления научными организациями в новых условиях хозяйствования
|f Ю. Б. Винслав, Е. Н. Куличков
|
| 210 |
|
|
|a Москва
|c Энергоатомиздат
|d 1992
|
| 215 |
|
|
|a 223 с.
|c ил.
|
| 225 |
1 |
|
|a ЭЭ: Экономика энергетики
|
| 320 |
|
|
|a Библиогр.: с. 222.
|
| 610 |
1 |
|
|a научные организации
|
| 610 |
1 |
|
|a управление
|
| 610 |
1 |
|
|a хозяйствование
|
| 686 |
|
|
|a Ч214(2)72
|2 rubbk
|
| 700 |
|
1 |
|a Винслав
|b Ю. Б.
|g Юрий Болиславович
|
| 701 |
|
1 |
|a Куличков
|b Е. Н.
|g Евгений Николаевич
|
| 801 |
|
0 |
|a RU
|b RuMRKP
|c 19950417
|g psbo
|
| 801 |
|
1 |
|a RU
|b 63413507
|c 20080531
|g PSBO
|
| 801 |
|
2 |
|a RU
|b 63413507
|c 20081021
|g PSBO
|
| 942 |
|
|
|c BK
|